Theory of cataloguing / (Record no. 133589)

MARC details
000 -LEADER
fixed length control field 00754nam a22002657a 4500
005 - DATE AND TIME OF LATEST TRANSACTION
control field 20170124110212.0
010 ## - LIBRARY OF CONGRESS CONTROL NUMBER
LC control number A-226958
020 ## - INTERNATIONAL STANDARD BOOK NUMBER
Terms of availability 30.00
International Standard Book Number 0706918320
035 ## - SYSTEM CONTROL NUMBER
System control number A-226958
037 ## - SOURCE OF ACQUISITION
Source of stock number/acquisition Cen Lib/Ret
040 ## - CATALOGING SOURCE
Original cataloging agency DPL
Language of cataloging EN
082 ## - DEWEY DECIMAL CLASSIFICATION NUMBER
Classification number 025.32
Item number GIR
100 ## - MAIN ENTRY--PERSONAL NAME
Personal name Girja Kumar
9 (RLIN) 1102
245 ## - TITLE STATEMENT
Title Theory of cataloguing /
Statement of responsibility, etc by Girja Kumar [and] Krishan Kumar
246 ## - VARYING FORM OF TITLE
Remainder of title
250 ## - EDITION STATEMENT
Edition statement 4th ed
260 ## - PUBLICATION, DISTRIBUTION, ETC. (IMPRINT)
Name of publisher, distributor, etc Vikas Publishing House
Date of publication, distribution, etc 1982
Place of publication, distribution, etc New Delhi
270 ## - ADDRESS
Address 576 masjid Road, Jangpura
City New Delhi
Postal code 110014
300 ## - PHYSICAL DESCRIPTION
Extent 366p.
Dimensions 21cm(Hb)
500 ## - GENERAL NOTE
General note Includes index<br/>
650 ## - SUBJECT ADDED ENTRY--TOPICAL TERM
Topical term or geographic name as entry element Cataloging
9 (RLIN) 105315
650 ## - SUBJECT ADDED ENTRY--TOPICAL TERM
Topical term or geographic name as entry element Library science
9 (RLIN) 105316
700 ## - ADDED ENTRY--PERSONAL NAME
Personal name Krishan Kumar
9 (RLIN) 105317
942 ## - ADDED ENTRY ELEMENTS (KOHA)
Source of classification or shelving scheme Dewey Decimal Classification
Koha item type English Books
Classification part 025.32
Call number suffix GIR
Holdings
Withdrawn status Lost status Damaged status Not for loan Collection code Home library Current library Date acquired Source of acquisition Cost, normal purchase price Total Checkouts Full call number Barcode Date last seen Copy number Cost, replacement price Price effective from Koha item type
      Not For Loan Reference Central Library Central Library 27/07/2015 Cen Lib/Ret 30.00   025.32 GIR A-226958 27/07/2015 1 30.00 27/07/2015 English Books
      Not For Loan Reference Central Library Central Library 28/07/2015 Cen Lib/Ret 30.00   025.32 GIR A-226955 28/07/2015 2 30.00 28/07/2015 English Books

© Delhi Public Library
Hit Counter
free hit counter